Microelectronics: an integrated approach (Record no. 8090)
[ view plain ]
| 000 -LEADER | |
|---|---|
| fixed length control field | 00604 a2200181 4500 |
| 020 ## - INTERNATIONAL STANDARD BOOK NUMBER | |
| International Standard Book Number | 0135885183 |
| 040 ## - CATALOGING SOURCE | |
| Original cataloging agency | DLC |
| Language of cataloging | DLC |
| 082 00 - DEWEY DECIMAL CLASSIFICATION NUMBER | |
| Classification number | 621.3815 |
| 100 1# - MAIN ENTRY--PERSONAL NAME | |
| Personal name | Howe, Roger Thomas. |
| 245 10 - TITLE STATEMENT | |
| Title | Microelectronics: an integrated approach |
| Remainder of title | an integrated approach |
| Statement of responsibility, etc. | Roger T. House, Charles G. Sodini. |
| 260 ## - PUBLICATION, DISTRIBUTION, ETC. | |
| Place of publication, distribution, etc. | Upper Saddle River, N.J. : |
| Name of publisher, distributor, etc. | Prentice Hall, |
| Date of publication, distribution, etc. | c1996. |
| 300 ## - PHYSICAL DESCRIPTION | |
| Extent | xx, 908 p. : |
| Other physical details | ill. ; |
| Dimensions | 26 cm. |
| 440 #0 - SERIES STATEMENT/ADDED ENTRY--TITLE | |
| Title | Prentice Hall electronic and VLSI series |
| 650 #0 - SUBJECT ADDED ENTRY--TOPICAL TERM | |
| Topical term or geographic name entry element | Microelectronics. |
| 650 #0 - SUBJECT ADDED ENTRY--TOPICAL TERM | |
| Topical term or geographic name entry element | Solid state electronics. |
| 700 1# - ADDED ENTRY--PERSONAL NAME | |
| Personal name | Sodini, Charles Giona. |
| 942 ## - ADDED ENTRY ELEMENTS (KOHA) | |
| Koha item type | Book |
| Call number prefix | 621.3815 HOW |
| Source of classification or shelving scheme | |
| Withdrawn status | Lost status | Damaged status | Not for loan | Collection code | Permanent Location | Current Location | Shelving location | Date acquired | Source of acquisition | Cost, normal purchase price | Total Checkouts | Full call number | Barcode | Date last seen | Date last checked out | Price effective from | Koha item type |
|---|---|---|---|---|---|---|---|---|---|---|---|---|---|---|---|---|---|
| Central Library (CL) | Central Library (CL) | General Stacks | 02/15/2006 | Allied Book Company | 495.00 | 1 | 621.3815 HOW | SEECS006943 | 04/13/2016 | 02/02/2016 | 01/05/2017 | Book | |||||
| Central Library (CL) | Central Library (CL) | General Stacks | 02/10/2005 | Allied Book Company | 495.00 | 2 | 621.3815 HOW | SEECS005283 | 04/12/2015 | 03/15/2015 | 01/05/2017 | Book |
